00342nam a22000977a 4500082001500000100002300015245011400038260006800152300000700220650001700227 a297.82 APH aAbonmai, Aphenbou  aTHE MARTYRDOM of IMAM HUSAYN and MUHARRAM OBSERVANCES of the SHIA MUSLIMS with SPECIAL REFERENCE to HYDERABAD aHenry Martyn Institute, HyderabadbHenry Martyn Institutec2020 a84 aShiah -Imams